000 00461nam a2200169Ia 4500
008 230917s9999||||xx |||||||||||||| ||und||
020 _cRS350
040 _e243077
_aMAIN
041 _aEnglish
082 _a005.1 M687H
100 _aMishra, Anil Kumar
245 0 _aHandbook on SPSS for research work
260 _aMumbai
_bHimalaya Publishing House
_c2017
300 _a146 p.
500 _a2911 03/11/2017 HBD17/7085 07/11/2017 Main Budget
942 _cBK
999 _c24444
_d24444